Xth IMEKO : World Congress 1985. Vol. 12. Laser Measurement, Measurement of Geometrical Parameters Special Sensors

Uložené v:
Podrobná bibliografia
Médium: Kniha
Vydavateľské údaje: Praha : DT ČSVTS, 1985
Tagy: Pridať tag
Žiadne tagy, Buďte prvý, kto otaguje tento záznam!

MARC

LEADER 00000nam a22000003a 4500
001 stu53800
005 20150408180023.3
008 000531s1985----cs----------------------d
040 |a STU  |b slo 
041 0
044 |a cs 
245 |a Xth IMEKO :  |b World Congress 1985. Vol. 12. Laser Measurement, Measurement of Geometrical Parameters Special Sensors 
260 |a Praha :  |b DT ČSVTS,  |c 1985 
300 |a 168 s 
996 |b 284M003262  |c M*4463/12-1  |l MMKN  |s A  |a 24  |w stu53800_0001